000 00454nam a2200157Ia 4500
008 210210b1992 xxu||||| |||| 00| 0 eng d
020 _a81 7024 492 7
082 _a361.954 SHAS
100 _aSHANKAR (Jogan), Ed.
245 _aSocial problems & welfare in India.
260 _aDelhi
_bAshish publishing house
_c1992
300 _a387
650 _aIndian social problems Social welfare in India
690 _aIndian Social Problems
906 _a048055
999 _c97250
_d97250